Hydraulics of porous pipes / (رقم التسجيلة. 10088)

تفاصيل مارك
000 -LEADER
fixed length control field 015050000a22003370004500
003 - CONTROL NUMBER IDENTIFIER
control field EG-GICUC
005 - DATE AND TIME OF LATEST TRANSACTION
control field 20250223025314.0
008 - FIXED-LENGTH DATA ELEMENTS--GENERAL INFORMATION
fixed length control field 080604s2008 ua dh f m 000 0 eng d
040 ## - CATALOGING SOURCE
Original cataloging agency EG-GICUC
Language of cataloging eng
Transcribing agency EG-GICUC
041 0# - LANGUAGE CODE
Language code of text/sound track or separate title Eng
049 ## - LOCAL HOLDINGS (OCLC)
Holding library Deposite
097 ## - Thesis Degree
Thesis Level M.Sc
099 ## - LOCAL FREE-TEXT CALL NUMBER (OCLC)
Classification number Cai01.13.05.M.Sc.2008.Ta.H
100 0# - MAIN ENTRY--PERSONAL NAME
Personal name Tarek Abdelraheem Mohamed Abuzaid
245 10 - TITLE STATEMENT
Title Hydraulics of porous pipes /
Statement of responsibility, etc. Tarek Abdelraheem Mohamed Abuzaid ; Supervised Abdelallah S.Bazaraa , Mostafa A.Ghaith
246 15 - VARYING FORM OF TITLE
Title proper/short title هيدروليكية المواسير المسامية
260 ## - PUBLICATION, DISTRIBUTION, ETC.
Place of publication, distribution, etc. Cairo :
Name of publisher, distributor, etc. Tarek Abdelraheem Mohamed Abuzaid ,
Date of publication, distribution, etc. 2008
300 ## - PHYSICAL DESCRIPTION
Extent 129P. :
Other physical details charts , facsimiles ;
Dimensions 30cm
502 ## - DISSERTATION NOTE
Dissertation note Thesis (M.Sc.) - Cairo University - Faculty Of Engineering - Department Of Civil Engineering
520 ## - SUMMARY, ETC.
Summary, etc. Due to water scarcity , potential of waste water reuse and reduction in usage of pure water in irrigation , the use of buried drip irrigation is recommended to reduce health and environmental hazards as well as evaporation losses Porous drip laterals are relatively new invention in this field that needs further study
530 ## - ADDITIONAL PHYSICAL FORM AVAILABLE NOTE
Additional physical form available note Issued also as CD
653 #4 - INDEX TERM--UNCONTROLLED
Uncontrolled term Leaky pipes
653 #4 - INDEX TERM--UNCONTROLLED
Uncontrolled term Porous pipes
653 #4 - INDEX TERM--UNCONTROLLED
Uncontrolled term Subsurface Drip Irrigation
700 0# - ADDED ENTRY--PERSONAL NAME
Personal name Abdelallah Sadek Bazaraa ,
Relator term
700 0# - ADDED ENTRY--PERSONAL NAME
Personal name Mostafa Ahmed Ghaith ,
Relator term
856 ## - ELECTRONIC LOCATION AND ACCESS
Uniform Resource Identifier <a href="http://172.23.153.220/th.pdf">http://172.23.153.220/th.pdf</a>
905 ## - LOCAL DATA ELEMENT E, LDE (RLIN)
Cataloger Fatma
Reviser Cataloger
905 ## - LOCAL DATA ELEMENT E, LDE (RLIN)
Cataloger Nazla
Reviser Revisor
942 ## - ADDED ENTRY ELEMENTS (KOHA)
Source of classification or shelving scheme Dewey Decimal Classification
Koha item type Thesis
المقتنيات
Source of classification or shelving scheme Not for loan Home library Current library Date acquired Full call number Barcode Date last seen Koha item type Copy number
Dewey Decimal Classification   المكتبة المركزبة الجديدة - جامعة القاهرة قاعة الرسائل الجامعية - الدور الاول 11.02.2024 Cai01.13.05.M.Sc.2008.Ta.H 01010110049195000 22.09.2023 Thesis  
Dewey Decimal Classification   المكتبة المركزبة الجديدة - جامعة القاهرة مخـــزن الرســائل الجـــامعية - البدروم 11.02.2024 Cai01.13.05.M.Sc.2008.Ta.H 01020110049195000 22.09.2023 CD - Rom 49195.CD
Cairo University Libraries Portal Implemented & Customized by: Eng. M. Mohamady Contacts: new-lib@cl.cu.edu.eg | cnul@cl.cu.edu.eg
CUCL logo CNUL logo
© All rights reserved — Cairo University Libraries
CUCL logo
Implemented & Customized by: Eng. M. Mohamady Contact: new-lib@cl.cu.edu.eg © All rights reserved — New Central Library
CNUL logo
Implemented & Customized by: Eng. M. Mohamady Contact: cnul@cl.cu.edu.eg © All rights reserved — Cairo National University Library